Tom Sawyer se hace pirata - El mago de Oz / (Registro nro. 30491)
[ vista simple ]
| 000 -LÍDER | |
|---|---|
| campo de control de longitud fija | 01276nam a22003137a 4500 |
| 005 - FECHA Y HORA DE LA ÚLTIMA | |
| campo de control | 20231220203238.0 |
| 008 - ELEMENTOS DE DATOS DE LONGITUD FIJA - INFORMACIÓN GENERAL | |
| campo de control de longitud fija | 231220b |||||||| |||| 00| 0 eng d |
| 020 ## - NÚMERO INTERNACIONAL NORMALIZADO DEL LIBRO | |
| Número de libro estándar internacional | 9587060962 |
| 020 ## - NÚMERO INTERNACIONAL NORMALIZADO DEL LIBRO | |
| Número de libro estándar internacional | 9587060989 |
| 037 ## - FUENTE DE ADQUISICIÓN | |
| Materials specified | Donación |
| 040 ## - FUENTE DE CATALOGACIÓN | |
| Agencia de catalogación original | CO-JMCR |
| Agencia de transcripción | CO-JMCR |
| Agencia modificadora | CO-JMCR |
| Convenciones de descripción | rda |
| 041 ## - CÓDIGO DE IDIOMA | |
| Código de idioma del texto/pista de sonido o título independiente | spa |
| 082 ## - NÚMERO DE CLASIFICACIÓN DECIMAL DEWEY | |
| Número de clasificación | C |
| Número de artículo | BAUm |
| 100 ## - ENTRADA PRINCIPAL - NOMBRE PERSONAL | |
| Nombre personal | Salive, María Clara. |
| Término relativo | autor |
| 9 (RLIN) | 43132 |
| 245 ## - DECLARACIÓN DEL TÍTULO | |
| Título | Tom Sawyer se hace pirata - El mago de Oz / |
| Declaración de responsabilidad, etc. | María Clara Salive |
| 260 ## - PUBLICACIÓN, DISTRIBUCIÓN, ETC. | |
| Lugar de publicación, distribución, etc. | Bogotá: |
| Nombre del editor, distribuidor, etc. | El tiempo editorial, |
| Fecha de publicación, distribución, etc. | 2004 |
| 300 ## - DESCRIPCIÓN FÍSICA | |
| Medida | 48 páginas |
| Otros detalles fisicos | Ilustraciones a color |
| Dimensiones | 31 cm |
| 490 ## - DECLARACIÓN DE LA SERIE | |
| Declaración de serie | Colección Literatura Infantil 1. |
| 500 ## - NOTA GENERAL | |
| Nota general | Dos historias en una. |
| 520 ## - RESUMEN, ETC. | |
| Resumen, etc | Viaja con Dorita y su perro Totó, y descubre cómo van haciendo amigos por el camino, cada uno buscando cumplir sus deseos. El espantapájaros, el hombre de hojalata y el león, junto con Dorita, buscarán todos juntos al mago de Oz para que los ayude a hacer realidad sus sueños. |
| 521 ## - NOTA PARA EL PÚBLICO OBJETIVO | |
| Nota de público objetivo | Infantil |
| 650 ## - ENTRADA AÑADIDA DE ASUNTO - TÉRMINO TEMÁTICO | |
| Fuente del encabezado o término | JMCR |
| -- | Mago |
| Subdivisión de formulario | cuento |
| 9 (RLIN) | 43133 |
| 650 ## - ENTRADA AÑADIDA DE ASUNTO - TÉRMINO TEMÁTICO | |
| Fuente del encabezado o término | JMCR |
| -- | Cuentos |
| Subdivisión general | Fantasia |
| 9 (RLIN) | 43134 |
| 650 ## - ENTRADA AÑADIDA DE ASUNTO - TÉRMINO TEMÁTICO | |
| Fuente del encabezado o término | JMCR |
| -- | Deseos |
| Subdivisión general | Literatura |
| 9 (RLIN) | 43135 |
| 700 ## - ENTRADA AGREGADA - NOMBRE PERSONAL | |
| Nombre personal | Twain, Mark |
| Término relativo | autor |
| 9 (RLIN) | 14276 |
| 700 ## - ENTRADA AGREGADA - NOMBRE PERSONAL | |
| Nombre personal | Baum, L. Frank. |
| Término relativo | autor |
| 9 (RLIN) | 43137 |
| 700 ## - ENTRADA AGREGADA - NOMBRE PERSONAL | |
| Nombre personal | Salom, Ivette |
| Término relativo | Ilustrador |
| 9 (RLIN) | 43136 |
| 942 ## - ELEMENTOS DE ENTRADA AÑADIDOS (KOHA) | |
| Source of classification or shelving scheme | Dewey Decimal Classification |
| Tipo de artículo Koha | Books |
| 999 ## - | |
| -- | 30491 |
| -- | 16875 |
| Estado retirado |
|---|